National corruption perception survey. (Record no. 6380)

MARC details
000 -LEADER
fixed length control field 00622cam a22002052 4500
001 - CONTROL NUMBER
control field 0000003356
005 - DATE AND TIME OF LATEST TRANSACTION
control field 20151217151923.0
008 - FIXED-LENGTH DATA ELEMENTS--GENERAL INFORMATION
fixed length control field 070503s xx 000 0 eng d
040 ## - CATALOGING SOURCE
Original cataloging agency KABU
Transcribing agency KABU
050 #0 - LIBRARY OF CONGRESS CALL NUMBER
Classification number JQ2947
Item number .A56C6K46
110 2# - MAIN ENTRY--CORPORATE NAME
Corporate name or jurisdiction name as entry element Kenya Anti-Corruption Commission.
-- 0000160844
245 10 - TITLE STATEMENT
Title National corruption perception survey.
260 ## - PUBLICATION, DISTRIBUTION, ETC. (IMPRINT)
Place of publication, distribution, etc. Nairobi :
Name of publisher, distributor, etc. KACC,
Date of publication, distribution, etc. 2006.
300 ## - PHYSICAL DESCRIPTION
Extent 96 p.
651 #0 - SUBJECT ADDED ENTRY--GEOGRAPHIC NAME
Geographic name Kenya
General subdivision Corrupt practices
-- Surveys.
-- 0000160845
908 ## - PUT COMMAND PARAMETER (RLIN)
Put command parameter 070503
950 ## - LOCAL HOLDINGS (RLIN)
-- 1
Holdings
Withdrawn status Lost status Source of classification or shelving scheme Not for loan Home library Current library Date acquired Total Checkouts Full call number Barcode Date last seen Price effective from Koha item type Date last checked out
    Library of Congress Classification   Kabarak, Main Campus Kabarak, Main Campus 17/12/2015   JQ2947 .A56C6K46 c. 2 15039 17/12/2015 17/12/2015 General Collection  
    Library of Congress Classification   Kabarak, Main Campus Kabarak, Main Campus 17/12/2015 1 JQ2947 .A56C6K46 c. 3 15035 29/10/2018 17/12/2015 General Collection 09/10/2018
Designed with assistance from East African Informatics Ltd